Women‘s Champions League Winners - Statistics

General Stats
  • This quiz has been taken 61 times
  • The average score is 15 of 22
Answer Stats
Season Winner % Correct
2020-21 Barcelona
96%
2022-23 Barcelona
96%
2010-11 Lyon
94%
2011-12 Lyon
94%
2015-16 Lyon
94%
2016-17 Lyon
94%
2017-18 Lyon
94%
2018-19 Lyon
94%
2019-20 Lyon
94%
2021-22 Lyon
94%
2006-07 Arsenal
80%
2012-13 VfL Wolfsburg
80%
2013-14 VfL Wolfsburg
80%
2001-02 Frankfurt
44%
2005-06 Frankfurt
44%
2007-08 Frankfurt
44%
2014-15 Frankfurt
44%
2004-05 Turbine Potsdam
35%
2009-10 Turbine Potsdam
35%
2002-03 Umeå
33%
2003-04 Umeå
33%
2008-09 FCR Duisburg
26%
No matching quizzes found
Score Distribution
Percent of People with Each Score
Percentile by Number Answered
Your Score History
You have not taken this quiz